Journal of Economic Issues

Guardado en:
Detalles Bibliográficos
Formato: Seriadas
Lenguaje:inglés
Publicado: Lincoln Association for Evolutionary Economics
Materias:
Etiquetas: Agregar Etiqueta
Sin Etiquetas, Sea el primero en etiquetar este registro!

MARC

LEADER 00000nas1a22000001 4500
001 s120125
005 20250701092117.4
022 |a 0021-3624 
022 |a 1946-326X 
041 0 |a eng 
044 |a US 
245 1 0 |a Journal of Economic Issues 
264 1 |a Lincoln  |b Association for Evolutionary Economics 
610 2 0 |a analýza ekonomická 
610 2 0 |a makroekonomika 
610 2 0 |a vývoj hospodársky